Statistics for Avengers Members (MCU Only)

Click here to take the quiz!

General Stats

  • This quiz has been taken 202 times
  • The average score is 20 of 21

Answer Stats

Real NameDebutMemberNicknameActor% Correct
Robert David Bruce BannerThe Incredible HulkHulkThe Strongest AvengerMark Ruffalo
100%
Anthony (Tony) Edward StarkIron ManIron ManThe Armored AvengerRobert Downey Jr.
100%
King (Prince) Thor Odinson (God of Lightning)ThorThorPointbreakChris Hemsworth
100%
Scott LangAnt-ManAnt-ManUnknownPaul Rudd
99%
King (Prince) T'ChallaCaptain America: Civil WarBlack PantherKing of WakandaChadwick Boseman
99%
Natalia (Natasha Romanoff) RomanovaIron Man 2Black WidowThe Russian SpyScarlett Johansson
99%
Steven (Steve) RogersCaptain America: The First AvengerCaptain AmericaThe First AvengerChris Evans
99%
Doctor Stephen Vincent StrangeDoctor StrangeDoctor StrangeThe Sorcerer SupremeBenedict Cumberbatch
99%
Clinton (Clint) BartonThorHawk-EyeThe ArcherJeremy Renner
99%
Peter (Pete) Benjamin ParkerIron Man 2Spider-ManYour Friendly NeighborhoodTom Holland
99%
VisionAvengers: Age Of UltronVisionThe GhostPaul Bettany
99%
Samuel (Sam) Thomas WilsonCaptain America: The Winter SoldierFalconUnknownAnthony Mackie
97%
RocketGuardians Of The GalaxyRocketTrash PandaBradley Cooper
97%
Wanda MaximoffCaptain America: The Winter SoldierScarlet WitchUnknownElizabeth Olsen
97%
James (Rhodey) RhodesIron ManWar MachineIron PatriotDon Cheadle
97%
Hope Van DyneAnt-ManWaspUnknownEvangeline Lilly
97%
Carol (Vers) DanversCaptain MarvelCaptain MarvelUnknownBrie Larson
96%
NebulaGuardians Of The GalaxyNebulaUnknownKaren Gillan
96%
Pietro MaximoffCaptain America: The Winter SoldierQuicksilverUnknownAaron-Taylor Johnson
96%
OkoyeBlack PantherOkoyeUnknownDanai Gurai
94%
James Buchanan (Bucky) BarnesCaptain America: The First AvengerWhite WolfThe Winter SoldierSebastian Stan
54%

Score Distribution

Percentile by Number Answered

Percent of People with Each Score

Your Score History

You have not taken this quiz